000
00297nam a2200109Ia 4500
008
190216s9999||||xx |||||||||||||| ||und||
100
_a
Karunakaran C K
245
0
_a
Malayalam-Keralathile Vanangal Nootandukaliloode
260
_b
"Vidharthi Mithram, Kottayam."
650
_a
Malayalam
942
_c
BK
999
_c
26292
_d
26292